Automatický prepočet sumy starobného dôchodku pracujúcemu dôchodcovi Sociálnou poisťovňou od 1.1.2015

Automatický prepočet dôchodku - zmeny účinné od 1. januára 2015 vykonané poslednou novelou ZSP. Zúčtovanie spätne doplácanej dávky starobného dôchodku s predtým vyplatenou dávkou sociálneho poistenia. Praktické príklady.

Gespeichert in:
Bibliographische Detailangaben
1. Verfasser: Strýčková, Jolana
Format: Buchkapitel
Sprache:Slowakisch
Schlagworte:
Tags: Tag hinzufügen
Keine Tags, Fügen Sie das erste Tag hinzu!

MARC

LEADER 00000naa a2200000 4500
001 0195486
005 20231109104242.5
041 0 |a slo 
044 |a SK 
245 1 0 |a Automatický prepočet sumy starobného dôchodku pracujúcemu dôchodcovi Sociálnou poisťovňou od 1.1.2015  |c Jolana Strýčková 
520 |a Automatický prepočet dôchodku - zmeny účinné od 1. januára 2015 vykonané poslednou novelou ZSP. Zúčtovanie spätne doplácanej dávky starobného dôchodku s predtým vyplatenou dávkou sociálneho poistenia. Praktické príklady. 
610 2 0 |a dôchodcovia 
610 2 0 |a dôchodky starobné 
610 2 0 |a legislatíva 
610 2 0 |a poistenie sociálne 
100 1 |a Strýčková, Jolana